| 000 | 00471nam a22001937a 4500 | ||
|---|---|---|---|
| 003 | MPLRDC | ||
| 005 | 20220104113722.0 | ||
| 008 | 210129b ||||| |||| 00| 0 eng d | ||
| 020 | _a957-14-1801-3 | ||
| 082 | _a848.1 XBY-3 v.4 | ||
| 100 | _a谢冰莹著 | ||
| 245 |
_a冰莹怀旧 _c |
||
| 250 | _a初版 | ||
| 260 |
_a _b三民书局股份有限公司 _c1991 |
||
| 300 | _b平 | ||
| 490 | _a三民丛刊;30 | ||
| 650 | _a现代别集 | ||
| 942 |
_cBK _o848.1 XBY-3 v.4 |
||
| 999 |
_c1809 _d1799 |
||